• 首页
  • 本馆介绍
  • 公告通知
  • 最新文献
  • 馆藏检索
  • 电子资源
  • 读者导购
  • 参考咨询
  • 我的图书馆
  • 登录
  • 详细信息显示
  • 放入我的书架
  • 预约/预借图书
  • 作者相关作品
  • 分类相关作品
  • 丛书相关作品
  • 出版社相关作品

书目信息

  • 表格格式
  • 工作单格式
  • 卡片格式
题名:
朱蕴山纪事诗词选
    
 
作者: 朱世同
分册:  
出版信息: 安徽   安徽人民出版社  1981
页数: 241页
开本: 20cm
丛书名:
单 册:
中图分类: I226.3
科图分类:
主题词: 诗歌--中国 , 韵文--中国
电子资源:
ISBN:
000 00525nam0 2200193 450
001 0728815141
005 20070819080015.14
010    @d¥0.60
100    @a20070819d km y0chiy0120 ea
101 0  @achi
200 1  @a朱蕴山纪事诗词选@Azhu yun shan ji shi shi ci xuan@f朱世同@Fzhu shi tong
210    @a安徽@c安徽人民出版社@d1981
215    @a241页@d20cm
606 0  @a诗歌@x中国
606 0  @a韵文@x中国
690    @aI226.3@v3
701  0 @a朱世同@Azhu shi tong
801  0 @aCN@bPFT@c20070819
905    @a213230@dI226.3@eZW59@f1
    
    朱蕴山纪事诗词选/朱世同.-安徽:安徽人民出版社,1981
    241页;20cm
    
    
    ISBN :¥0.60
    
●
相关链接 在E读中查询图书 在五车中查询图书 在当当中查询图书 在豆瓣中查询图书


正题名:朱蕴山纪事诗词选     索取号:I226.3/ZW59         预约/预借

序号 登录号 条形码 馆藏地/架位号 状态 备注
1 7608833   276088332   密集书库-文学院/ [索取号:I226.3/ZW59] 在馆    
唐山师范学院图书馆 欢迎您!
大连网信软件有限公司© 版权所有